The curves of life (Record no. 185434)

MARC details
000 -LEADER
campo de control de longitud fija 01174nam a2200301 i 4500
001 - NÚMERO DE CONTROL
campo de control 185434
003 - IDENTIFICADOR DE NÚMERO DE CONTROL
campo de control ES-MaACL
005 - FECHA Y HORA DE LA ÚLTIMA TRANSACCIÓN
campo de control 20250930063158.0
008 - DATOS DE LONGITUD FIJA--INFORMACIÓN GENERAL
campo de control de longitud fija 160603s1979 xxua |||| | eng d
020 ## - NÚMERO INTERNACIONAL ESTÁNDAR DEL LIBRO
Número Internacional Estándar del Libro 0-486-23701-X
080 ## - NÚMERO DE LA CLASIFICACIÓN DECIMAL UNIVERSAL
Número de la Clasificación Decimal Universal 514.172.2
080 ## - NÚMERO DE LA CLASIFICACIÓN DECIMAL UNIVERSAL
Número de la Clasificación Decimal Universal 7:51
080 ## - NÚMERO DE LA CLASIFICACIÓN DECIMAL UNIVERSAL
Número de la Clasificación Decimal Universal 502(0:7)
100 1# - ENTRADA PRINCIPAL--NOMBRE DE PERSONA
Nombre de persona Cook, Theodore Andrea,
Fechas asociadas al nombre 1867-1928
9 (RLIN) 159752
245 14 - MENCIÓN DEL TÍTULO
Título The curves of life
Resto del título : being an account of spiral formations and their application to growth in nature, to science, and to art : with special reference to the manuscripts of Leonardo da Vinci /
Mención de responsabilidad, etc. by Theodore Andrea Cook.
260 ## - PUBLICACIÓN, DISTRIBUCIÓN, ETC.
Lugar de publicación, distribución, etc. New York :
Nombre del editor, distribuidor, etc. Dover Publications,
Fecha de publicación, distribución, etc. 1979.
300 ## - DESCRIPCIÓN FÍSICA
Extensión XXX, 479 p. :
Otras características físicas il. ;
Dimensiones 22 cm.
490 1# - MENCIÓN DE SERIE
Mención de serie Dover science books
500 ## - NOTA GENERAL
Nota general Índices.
595 ## -
-- [Reed. íntegra de la publ. en Londres: Constable and Company, 1914]
599 ## - NOTA A LAS ILUSTRACIONES
NOTA A LAS ILUSTRACIONES With eleven plates and 415 illustrations.
650 #4 - PUNTO DE ACCESO ADICIONAL DE MATERIA--TÉRMINO DE MATERIA
Término de materia o nombre geográfico como elemento de entrada Curvas.
9 (RLIN) 163425
650 #7 - PUNTO DE ACCESO ADICIONAL DE MATERIA--TÉRMINO DE MATERIA
Término de materia o nombre geográfico como elemento de entrada Arte y matemáticas
Fuente del encabezamiento o término embne
9 (RLIN) 159753
650 #7 - PUNTO DE ACCESO ADICIONAL DE MATERIA--TÉRMINO DE MATERIA
Término de materia o nombre geográfico como elemento de entrada Naturaleza (Estética)
Fuente del encabezamiento o término embne
9 (RLIN) 137429
830 0# - PUNTO DE ACCESO ADICIONAL DE SERIE-TÍTULO UNIFORME
Título uniforme Dover science books
9 (RLIN) 225210
852 ## - LOCALIZACIÓN
Ubicación ES-MaACL
Número de control de estantería L-30318
Nota libre . - Donat. Miguel A. Velasco
Holdings
Estatus retirado Estado de pérdida Estado de daño No para préstamo Biblioteca de origen Biblioteca actual Ubicación en estantería Fecha de adquisición Fuente de adquisición Total de préstamos Signatura topográfica completa Código de barras Visto por última vez Precio de reemplazo Tipo de ítem Koha
        Biblioteca del Ateneo de Madrid Biblioteca del Ateneo de Madrid Depósito 2 03/06/2016     L-30318 1195370 23/02/2023 23/02/2023 Libro impreso